| 000 | 01148 a2200241 4500 | ||
|---|---|---|---|
| 001 | 33964 | ||
| 005 | 20260407155629.0 | ||
| 008 | 260407a2015 arg spa d | ||
| 003 | AR-UNSa-BCEJYS | ||
| 040 |
_aAR-UNSa-BCEJYS _bspa _cAR-UNSa-BCEJYS |
||
| 080 |
_a658.310.8 _xGestión y administración de personal |
||
| 245 | 1 | 0 |
_aDirección estratégica de recursos humanos _pgestión por competencias |
| 020 | _a978-950-641-849-6 | ||
| 250 | _a3a. ed | ||
| 264 | 1 |
_aBuenos Aires : _bGranica _c2015 |
|
| 300 |
_a451 p. _c23 cm |
||
| 505 | _a1. Dirección estratégica de recursos humanos - 2. Gestión por competencias 3. Análisis y descripción de puestos - 4. Atracción, selección e incorporación de los mejores candidatos - 5. Formación - 6. Evaluación de desempeño - 7. Desarrollo y planes de sucesión. La función de desarrollo en el área de recursos humanos - 8. Remuneraciones y beneficios. | ||
| 041 | _aspa | ||
| 942 | _cBK | ||
| 590 | _aniveau_biblio:m niveau_hierar:0 | ||
| 100 | 1 | _aAlles, Martha Alicia | |
| 856 | 4 | 1 |
_uhttps://biblioeco.unsa.edu.ar/pmb/images/libros/direccion_estrategica.jpg _yImagen de portada _qimage/jpeg |
| 999 |
_c2408 _d2408 |
||